Gülün Adı Sen/ (Record no. 12695)

MARC details
000 -BAŞLIK
Sabit Uzunlukta Kontrol Alanı 00644nam a22002057a 4500
999 ## - SİSTEM KONTROL NUMARALARI (KOHA)
Koha Biblionumber 12695
Koha Biblioitemnumber 12695
003 - KONTROL NUMARASI IDENTIFIER
Denetim Alanı TR-AnCHP
005 - SON İŞLEM TARİHİ VE ZAMANI
Denetim Alanı 20190206113537.0
008 - SABİT-BOY VERİ ELEMANLARI - GENEL BİLGİLER
Sabit Uzunlukta Kontrol Alanı 190206b tu ||||| |||| 00| 0 tur d
020 ## - ULUSLARARASI STANDART KİTAP NUMARASI
Uluslararası Standart Kitap Numarası 9754584060
040 ## - KATALOGLAMA KAYNAK
Orijinal Kataloglama Ajansı TR-AnCHP
Metne Dönüştürmek Ajansı TR-AnCHP
041 ## - DİL KODU
Metin / Ses Parça Veya Ayrı Başlığın Dil Kodu tur
082 ## - DEWEY ONLU SINIFLANDIRMA NUMARASI
Sınıflandırma Numarası 811.42
Ürün Numarası E66g 2002
100 ## - ANA GİRİŞ - KİŞİSEL İSİM
Kişisel Ad Erol, Ahmet
Bir Adıyla İlişkilendirilen Tarihler 1944-
245 ## - BAŞLIK TABLOSU
Başlık Gülün Adı Sen/
Sorumluluk Tablosu, Vb Ahmet Erol.
260 ## - YAYIN, DAĞITIM, VB
Yayın, Dağıtım, Vb Yeri İstanbul :
Yayıncı, Dağıtıcı, Vs Adı Türkiye İş Bankası Kültür Yayınları ,
Yayın, Dağıtım, Vb Tarihi 2002.
300 ## - FİZİKSEL TANIM
Kapsam 142 s. ;
Boyutlar 19 sm.
490 ## - SERİSİ TABLOSU
Seri Beyanı Türkiye İş Bankası Kültür yayınları;
-- Edebiyat Dizisi;
Hacim / Ardışık Tanımı Genel yayın 643.
-- 246.
650 #0 - KONU KATMA GİRİŞ - TOPİKAL DÖNEM
Topikal Süreli Veya Coğrafi Ad Giriş Elemanı Türk edebiyatı
9 (RLIN) 19
Genel Alt Bölümü Şiir
942 ## - EKLENDİ GİRİŞ ELEMANLARI (KOHA)
Sınıflandırma Veya Raf Düzeni Kaynak Dewey Decimal Classification
Koha Öğesi Türü Books
Holdings
Kalıcı Konum Mevcut Konum Edinme Tarihi Edinim Kaynak Toplam Check-Out'Lar Tam Çağrı Numarası Barkod Tarih Son Görülme İtibaren Geçerli Fiyatlar Sigara Kamu Notu Koha Öğesi Türü
CHP Kütüphanesi CHP Kütüphanesi 02/06/2019 Bağış   811.42 E66g 2002 018804 02/06/2019 02/06/2019 Kemal Kılıçdaroğlu bağışıdır. Books